Radiohead Albums Tile Select - Statistics

General Stats
  • This quiz has been taken 435 times
  • The average score is 56 of 63
Answer Stats
Question Tile Select % Correct
the following songs that are on The Bends (1995). Fitter Happier No
98%
the following songs that are on OK Computer (1997). Karma Police Yes
98%
the following songs that are on The Bends (1995). Stop Whispering No
98%
the following songs that are on Pablo Honey (1993). Street Spirit (Fade Out) No
98%
the following songs that are on OK Computer (1997). Sulk No
98%
the following songs that are on The Bends (1995). Airbag No
97%
the following songs that are on Pablo Honey (1993). Black Star No
97%
the following songs that are on OK Computer (1997). Everything in Its Right Place No
97%
the following songs that are on Pablo Honey (1993). Fake Plastic Trees No
97%
the following songs that are on The Bends (1995). High and Dry Yes
97%
the following songs that are on OK Computer (1997). Exit Music (For a Film) Yes
96%
the following songs that are on OK Computer (1997). Idioteque No
96%
the following songs that are on Kid A (2000). Paranoid Android No
96%
the following songs that are on Kid A (2000). No Surprises No
95%
the following songs that are on Kid A (2000). How to Disappear Completely Yes
94%
the following songs that are on The Bends (1995). Just Yes
94%
the following songs that are on Kid A (2000). Lucky No
94%
the following songs that are on The Bends (1995). Blow Out No
93%
the following songs that are on Pablo Honey (1993). Bones No
93%
the following songs that are on In Rainbows (2007). Give Up the Ghost No
93%
the following songs that are on OK Computer (1997). Let Down Yes
93%
the following songs that are on In Rainbows (2007). Lotus Flower No
93%
the following songs that are on The Bends (1995). My Iron Lung Yes
93%
the following songs that are on Kid A (2000). The National Anthem Yes
93%
the following songs that are on Pablo Honey (1993). Anyone Can Play Guitar Yes
92%
the following songs that are on Pablo Honey (1993). Creep Yes
92%
the following songs that are on In Rainbows (2007). All I Need Yes
91%
the following songs that are on Hail to the Thief (2003). Faust Arp No
91%
the following songs that are on Hail to the Thief (2003). Jigsaw Falling into Place No
91%
the following songs that are on Kid A (2000). Subterranean Homesick Alien No
91%
the following songs that are on OK Computer (1997). The Tourist Yes
91%
the following songs that are on The Bends (1995). Bullet Proof... I Wish I Was Yes
90%
the following songs that are on Pablo Honey (1993). You Yes
90%
the following songs that are on Hail to the Thief (2003). 15 Step No
89%
the following songs that are on OK Computer (1997). Electioneering Yes
89%
the following songs that are on The Bends (1995). Planet Telex Yes
89%
the following songs that are on Amnesiac (2001). Pyramid Song Yes
89%
the following songs that are on In Rainbows (2007). There There No
89%
the following songs that are on Hail to the Thief (2003). 2 + 2 = 5 Yes
88%
the following songs that are on Amnesiac (2001). Motion Picture Soundtrack No
88%
the following songs that are on In Rainbows (2007). Nude Yes
88%
the following songs that are on Kid A (2000). Optimistic Yes
88%
the following songs that are on Amnesiac (2001). The Gloaming No
88%
the following songs that are on In Rainbows (2007). Bodysnatchers Yes
87%
the following songs that are on Amnesiac (2001). Backdrifts No
86%
the following songs that are on Amnesiac (2001). Treefingers No
86%
the following songs that are on In Rainbows (2007). Videotape Yes
86%
the following songs that are on OK Computer (1997). Climbing Up the Walls Yes
85%
the following songs that are on In Rainbows (2007). House of Cards Yes
85%
the following songs that are on Amnesiac (2001). Knives Out Yes
85%
the following songs that are on Kid A (2000). Hunting Bears No
84%
the following songs that are on Amnesiac (2001). Like Spinning Plates Yes
84%
the following songs that are on Pablo Honey (1993). Prove Yourself Yes
84%
the following songs that are on Kid A (2000). Morning Bell Yes
83%
the following songs that are on In Rainbows (2007). Reckoner Yes
83%
the following songs that are on Hail to the Thief (2003). Sail to the Moon Yes
83%
the following songs that are on Pablo Honey (1993). Vegetable Yes
82%
the following songs that are on Hail to the Thief (2003). A Punchup at a Wedding Yes
79%
the following songs that are on Hail to the Thief (2003). Life in a Glasshouse No
79%
the following songs that are on Amnesiac (2001). Dollars and Cents Yes
77%
the following songs that are on Hail to the Thief (2003). Go to Sleep Yes
76%
the following songs that are on Amnesiac (2001). I Might Be Wrong Yes
76%
the following songs that are on Hail to the Thief (2003). You and Whose Army? No
75%
No matching quizzes found
Score Distribution
Percent of People with Each Score
Percentile by Number Answered
Your Score History
You have not taken this quiz